| 000 | 00882nam a22002657a 4500 | ||
|---|---|---|---|
| 001 | 00048752 | ||
| 003 | DO-SdBNP | ||
| 005 | 20241018101631.0 | ||
| 007 | 00048752 | ||
| 008 | 151104b2002 mx || 00| 0 spa d | ||
| 020 | _a9681902556 | ||
| 040 |
_aBPMSU _bspa _cBPMSU |
||
| 082 | 4 |
_a833.91 _bE56m 2002 _222 |
|
| 100 | 1 |
_aEnde, Michael, _d1929-1995. |
|
| 245 | 1 | 0 |
_aMomo o la extraña historia de los ladrones del tiempo y de la niña que devolvió el tiempo a los hombres / _cMichael Ende ; traducción de Susana Constante. |
| 246 | 1 | 3 | _aMomo |
| 260 |
_aMéxico, D. F. : _bAlfaguara, _c2002 |
||
| 300 |
_a274 p. : _bil. ; _c22 cm. |
||
| 590 | _aInventariado, 2024/VM | ||
| 650 | 4 | _aNovela juvenil alemana | |
| 650 | 4 | _aLiteratura juvenil alemana | |
| 700 | 1 |
_aConstante, Susana, _d1944- _etraductor |
|
| 910 | _aLOPEREZ/VMateo V. Control de calidad. BPMSU | ||
| 942 |
_2ddc _cBK |
||
| 999 |
_c8539 _d8539 |
||